[Event "POR-chT 1st League 2017"]
[Site "Leiria"]
[Date "2017.07.21"]
[Round "7"]
[White "Fier, Alexandr"]
[Black "Vasques, Antonio Pedro Freix"]
[Result "1-0"]
[WhiteElo "2589"]
[BlackElo "2307"]
[Annotator "TA"]
[PlyCount "77"]
[EventDate "2017.??.??"]
[EventType "team-tourn"]
[EventCountry "POR"]
[SourceTitle "playchess.com"]
[Source "ChessBase"]
[SourceQuality "1"]

{[%evp 20,77,53,45,53,37,50,23,29,27,60,60,84,81,90,88,86,85,77,83,136,122,96,115,191,171,222,139,155,118,247,172,166,163,150,86,183,181,175,186,181,182,179,177,708,700,733,733,731,706,697,695,718,646,29986,29987,29987,29988,29992,29993]} 1. e4 c5 2. Nf3 d6 3. d4 Nf6 4. Nc3 cxd4 5. Nxd4 a6 6. Bg5 e6 7. f4 Qc7 8. Bxf6 gxf6 9. Be2 Nc6 {B96: Sicilian Najdorf: 6 Bg5 e6 7 f4, lines other than 7...Qb6 and 7...Be7} 10. Qd3 h5 11. O-O-O {LiveBook: 3 Games} Bd7 {White is slightly better.} 12. f5 $146 ({Find the theoretical novelty and annotate with similar games:} 12. Nf5 exf5 13. Nd5 Qa5 14. Nxf6+ Kd8 15. Nxd7 Kxd7 16. Qb3 Be7 17. Qxb7+ {½-½ (36) Shirov,A (2739)-Akopian,V (2713) Khanty-Mansiysk 2007}) 12... O-O-O 13. Qh3 {[%cal Rf5e6]} Nxd4 14. Rxd4 Qa5 15. Kb1 h4 16. Rhd1 Be7 17. Bg4 {[%cal Rf5e6]} Qe5 18. Na4 Kc7 19. Qb3 $36 {[%mdl 2048] White has strong initiative.} b5 (19... Bxa4 $142 20. Qxa4 (20. Rxa4 d5 $16) 20... Qxh2) 20. Nc3 {[%cal Ba4c3,Bc3e2,Be2g1][%mdl 32]} Ra8 21. Ne2 a5 (21... Rhg8 $16 22. Qh3 Rac8) 22. Ng1 a4 (22... Rac8 {was worth a try.} 23. fxe6 (23. Nf3 Qc5 $18) 23... fxe6) 23. Qc3+ Bc6 24. fxe6 Rag8 (24... fxe6 $16 25. Nf3 Qc5) 25. Qa5+ (25. exf7 $2 Rxg4 26. Nf3 Qc5 $19) 25... Kb7 {[#]} 26. Rd5 $1 {[%cal Rd5e5]} (26. exf7 $2 Rxg4 27. Nf3 Qc5 $19) 26... Rxg4 27. Rxe5 dxe5 {[#]} (27... fxe5 $16 28. Rd5 (28. exf7 Rxe4 29. Rc1 Rc4 $16) 28... fxe6 29. Rxb5+ Bxb5 30. Qxb5+ Kc8) 28. Rd5 $1 $18 {[%cal Rd5b5]} ({Don't play} 28. exf7 $6 Rxe4 29. Qc3 Rh7 $16) 28... fxe6 29. Rxb5+ Bxb5 30. Qxb5+ Kc7 31. Qc4+ ({Don't do} 31. Qxa4 $6 Rxg2 32. Qa7+ Kd6 $16) 31... Kd6 $2 (31... Kb8) 32. Qb4+ Kd7 33. Qxa4+ Kd6 34. Qb4+ Kd7 35. Qb7+ Kd6 36. c4 {And now b4 would win.} Rxg2 37. b4 {[%csl Gb4][%cal Rc4c5] White mates.} Rxg1+ 38. Kb2 {[%csl Gb4][%cal Rc4c5]} Rg2+ 39. Kb3 {Precision: White = 88%, Black = 44%.} 1-0

[Event "POR-chT 1st League 2017"]
[Site "Leiria"]
[Date "2017.07.21"]
[Round "7"]
[White "Cuenca, Jose Fdo"]
[Black "Ftacnik, Lubomir"]
[Result "1/2-1/2"]
[WhiteElo "2498"]
[BlackElo "2551"]
[Annotator "TA"]
[PlyCount "73"]
[EventDate "2017.??.??"]
[EventType "team-tourn"]
[EventCountry "POR"]
[SourceTitle "playchess.com"]
[Source "ChessBase"]
[SourceQuality "1"]

{[%evp 17,73,15,27,1,9,1,0,-7,-9,0,0,0,18,9,16,-10,0,0,0,0,0,0,0,0,0,-2,0,0,0,0,0,0,20,20,22,13,25,20,20,20,15,19,20,21,11,8,8,8,8,9,8,8,7,9,54,54,54,54]} 1. d4 Nf6 2. c4 g6 3. Nc3 d5 4. cxd5 Nxd5 5. e4 Nxc3 6. bxc3 Bg7 7. Nf3 c5 8. Be3 O-O 9. Be2 b6 {LiveBook: 42 Games. D85: Exchange Grünfeld: Unusual White 7th moves and lines with 7 Nf3} 10. Qd2 cxd4 11. cxd4 Bb7 {The position is equal.} 12. e5 Nc6 13. h4 Qd5 14. h5 {[#]} Rfd8 $146 ({Predecessor:} 14... Rac8 15. Rd1 Rfd8 16. Rh4 Qa5 17. Qxa5 Nxa5 {½-½ (35) Graf,F (2488)-Gharamian,T (2657) Germany 2015}) 15. hxg6 hxg6 16. Rh4 Qa5 17. Qxa5 Nxa5 18. e6 f6 19. Rg4 $1 {[%cal Rg4g6]} g5 {[#]} 20. Nh4 $1 {[%mdl 512]} Bd5 (20... gxh4 21. Bh6) 21. Ng6 $1 {[%cal Rg6e7]} Bxe6 22. Re4 Rd6 23. Nxe7+ Kf7 {[#] aiming for ...f5.} 24. d5 $1 {[%cal Rd5e6]} Bxd5 25. Nxd5 Rxd5 26. Rc1 {Threatens to win with Rc7+.} Rad8 27. Rc7+ R5d7 28. Bh5+ Kg8 29. Re7 Rxe7 30. Rxe7 Nc4 31. Bf7+ Kf8 $132 {[%mdl 2048] Black has counterplay} 32. Rxa7 Nxe3 33. fxe3 {With the idea g4.} f5 34. Bb3 {And now Rf7+ would win.} Bc3+ 35. Kf1 Rd6 36. Rf7+ Ke8 37. Rxf5 {Precision: White = 73%, Black = 70%.} 1/2-1/2

[Event "POR-chT 1st League 2017"]
[Site "Leiria"]
[Date "2017.07.21"]
[Round "7"]
[White "Larino Nieto, David"]
[Black "Martinez Duany, Lelys Stanley"]
[Result "1-0"]
[WhiteElo "2495"]
[BlackElo "2495"]
[Annotator "TA"]
[PlyCount "53"]
[EventDate "2017.??.??"]
[EventType "team-tourn"]
[EventCountry "POR"]
[SourceTitle "playchess.com"]
[Source "ChessBase"]
[SourceQuality "1"]

{[%evp 9,53,9,8,14,1,8,27,9,17,10,30,13,4,4,6,3,34,17,5,15,89,100,94,89,163,171,144,101,291,319,433,430,422,431,432,388,377,383,379,360,644,655,614,651,637,626]} 1. b3 e5 2. Bb2 Nc6 3. e3 Nf6 4. Nf3 Bd6 5. d4 exd4 6. exd4 {A01: Nimzowitsch-Larsen Opening} O-O 7. Be2 Re8 8. O-O {White has an edge.} Ne7 $146 ({Find the theoretical novelty and annotate with similar games:} 8... Bf8 9. d5 Nxd5 10. Qxd5 Rxe2 11. Ng5 Qe7 12. Qd3 Qxg5 13. Qxe2 {1-0 (38) Ali Marandi,C (2422)-Kirk,E (2315) Khanty-Mansiysk 2015}) 9. c4 c6 10. Nc3 Ng6 11. Re1 Bb4 12. d5 d6 13. a3 $36 {[%mdl 2048] White is pushing.} Bxc3 14. Bxc3 c5 (14... cxd5 $11 {keeps the balance.} 15. cxd5 Nf4) 15. Qc2 $16 Ne4 16. Bb2 Nf4 {[#]} (16... Bg4 $16) 17. Bf1 $1 $18 Bf5 18. Qc1 Ng6 $2 (18... Nh5 $16) 19. Bd3 Re7 20. Qc2 Qe8 {[#]} 21. Re3 $1 Nf4 22. Rae1 {[%cal Rd3e4]} ({Stronger than} 22. Bxe4 Rxe4 23. Qc3 f6 $11) 22... Nxd3 23. Qxd3 h6 24. Nd2 Nxf2 $2 (24... Nxd2 25. Qxf5 (25. Rxe7 Qxe7 26. Qxd2 Qd7 $11) 25... Qd7 26. Qxd7 Rxd7) 25. Qc3 {[%csl Gb2][%cal Rc3g7] White is clearly winning.} ({Worse is} 25. Qxf5 Rxe3 26. Rxe3 Qxe3 $14) 25... Re5 26. Rxe5 dxe5 27. Rxe5 {Precision: White = 93%, Black = 37%.} 1-0

[Event "POR-chT 1st League 2017"]
[Site "Leiria"]
[Date "2017.07.21"]
[Round "7"]
[White "Petkov, Vladimir"]
[Black "Camacho Collados, Marcos"]
[Result "1-0"]
[WhiteElo "2489"]
[BlackElo "2417"]
[Annotator "TA"]
[PlyCount "63"]
[EventDate "2017.??.??"]
[EventType "team-tourn"]
[EventCountry "POR"]
[SourceTitle "playchess.com"]
[Source "ChessBase"]
[SourceQuality "1"]

{[%evp 10,63,26,10,4,8,10,2,23,0,12,0,11,20,27,30,33,33,46,33,40,29,29,25,58,35,84,62,53,58,33,0,0,0,0,0,0,0,2,16,58,45,110,123,238,236,557,550,534,432,599,533,533,533,29990,29988]} 1. Nf3 Nf6 2. g3 g6 3. Bg2 Bg7 4. O-O O-O 5. d4 c6 {[%cal Bc7c6,Bc6c5][%mdl 32]} 6. a4 d5 {A49: 1 d4 Nf6 2 Nf3 g6 3 g3: Anti-King's Indian systems} 7. Nbd2 (7. c3 Bf5 8. Nbd2 Qc8 9. Re1 Re8 10. Nh4 Bh3 11. Bh1 Nbd7 12. e4 dxe4 13. Nxe4 Nxe4 14. Rxe4 {½-½ (66) Petkov,V (2497)-Rakhmanov,A (2641) Linares 2016}) 7... Bf5 8. Re1 $146 ({Predecessor:} 8. Nh4 Qc8 9. c3 Bh3 10. Re1 Bxg2 11. Kxg2 Nbd7 12. e4 dxe4 13. Nxe4 Nxe4 14. Rxe4 {1-0 (49) Lichtenstern,C (2203)-Pasedag,P (2330) Bayern 1999}) 8... Nbd7 {The position is equal.} 9. c3 {[%cal Bc2c3,Bc3d4,Bd4e5][%mdl 32]} c5 10. a5 Qc7 11. Nf1 Be4 12. Bf4 Qc8 13. N1d2 cxd4 14. cxd4 Bc2 15. Qc1 Qc6 16. Ne5 Nxe5 17. dxe5 Ne4 18. Nxe4 dxe4 19. Ra3 Rac8 20. Qe3 Qb5 21. Qxa7 Qxb2 22. Raa1 Rc6 23. h4 Rfc8 24. a6 $36 {[%mdl 2048] Black is under pressure.} bxa6 25. Rxa6 Qc3 {[#]} ({Better is} 25... Rxa6 $14 26. Qxa6 Rf8) 26. Rxc6 $1 $16 Rxc6 (26... Qxc6 $16 27. Qxe7 Bf8) 27. Rc1 $18 {Hoping for Bxe4!} h6 $2 {[#]} (27... Rc7 28. Qa8+ Rc8) 28. Bxe4 $1 {[%mdl 512]} Rc7 (28... Bxe4 29. Rxc3) 29. Qb6 g5 30. Bxc2 gxf4 {[#]} 31. Qxc7 $1 {[%mdl 512]} Qd2 (31... Qxc7 32. Bh7+) 32. Qc8+ {Precision: White = 72%, Black = 35%.} 1-0

[Event "POR-chT 1st League 2017"]
[Site "Leiria"]
[Date "2017.07.21"]
[Round "7"]
[White "Gonzalez Perez, Arian"]
[Black "Trindade, Rui Jorge Rodrigues"]
[Result "1-0"]
[WhiteElo "2461"]
[BlackElo "2033"]
[Annotator "TA"]
[PlyCount "75"]
[EventDate "2017.??.??"]
[EventType "team-tourn"]
[EventCountry "POR"]
[SourceTitle "playchess.com"]
[Source "ChessBase"]
[SourceQuality "1"]

{[%evp 21,75,110,116,90,113,107,139,133,385,362,435,439,433,432,424,337,333,307,327,182,183,171,238,231,229,238,237,222,199,166,179,154,154,154,158,162,197,178,181,177,226,226,284,270,360,363,384,383,369,317,472,435,392,400,1092,1111]} 1. e4 c5 2. Nf3 e6 3. d3 Nc6 4. g3 d5 5. Qe2 dxe4 6. dxe4 Nf6 7. Bg2 Be7 8. O-O O-O 9. e5 Nd5 10. Rd1 Qc7 11. c4 Nb6 12. Nc3 {[%cal Bb1c3,Bc3e4,Be4f6][%mdl 32] C00: French: Unusual White 2nd moves} a6 13. Bf4 Rd8 14. Ne4 {White is clearly better.} Nd4 $2 {[%mdl 8192]} (14... Bf8 $16 {keeps fighting.} 15. Rxd8 Nxd8) 15. Nxd4 $18 cxd4 $146 {[#]} ({Find the theoretical novelty and annotate with similar games:} 15... Rxd4 16. Nf6+ Bxf6 17. exf6 Rxf4 18. Qe5 {1-0 (18) Ivanov,A (2645)-Bryan,J (2218) Windsor Locks 2002}) 16. Nf6+ $1 {[%mdl 512]} Bxf6 17. exf6 Qc5 18. Qg4 {[%csl Gf6][%cal Rg4g7]} (18. fxg7 f6 $18) 18... g6 19. Qh4 e5 {[#]} 20. Qh6 (20. b4 $142 $1 {[%mdl 512]} Qxb4 21. Bxe5 Nxc4 22. Bc7 (22. Rxd4 Rxd4 23. Bxd4 Nd6 $16) (22. Bxd4 h5 $16)) 20... Qf8 21. Qxf8+ Kxf8 (21... Rxf8 {might work better.} 22. Bxe5 Nxc4) 22. Bxe5 Nxc4 23. Bxd4 Bg4 24. f3 ({Don't do} 24. Bxb7 $6 Bxd1 25. Bc5+ (25. Rxd1 Rab8 $14) 25... Kg8) 24... Be6 25. b3 Na5 26. Bb6 Rxd1+ 27. Rxd1 Nc6 28. f4 $36 {[%mdl 2048] White is on the roll.} Ke8 29. h3 {[%cal Bh2h3,Bh3g4][%mdl 32]} h5 30. Kh2 Rc8 31. Rd2 Nd8 32. Bf3 Bf5 33. g4 hxg4 34. hxg4 Bb1 35. Bd5 Nc6 (35... Ne6 {was necessary.} 36. Bxb7 Rb8) 36. Kg3 Kf8 37. Bc4 {And now Rd7 would win.} Ke8 (37... Nb8 $142 38. Rh2 Kg8) 38. Rb2 {Precision: White = 87%, Black = 34%.} 1-0

[Event "POR-chT 1st League 2017"]
[Site "Leiria"]
[Date "2017.07.21"]
[Round "7"]
[White "Zelbel, Patrick"]
[Black "Sprenger, Jan Michael"]
[Result "1/2-1/2"]
[WhiteElo "2452"]
[BlackElo "2514"]
[Annotator "TA"]
[PlyCount "57"]
[EventDate "2017.??.??"]
[EventType "team-tourn"]
[EventCountry "POR"]
[SourceTitle "playchess.com"]
[Source "ChessBase"]
[SourceQuality "1"]

{[%evp 9,57,0,9,9,16,16,14,14,14,14,14,14,14,14,12,11,19,13,31,20,40,0,13,13,9,0,0,0,0,0,-5,0,0,0,0,0,0,0,0,0,0,0,0,0,0,0,0,0,6,0]} 1. e4 c5 2. Nf3 Nc6 3. c3 d5 4. exd5 Qxd5 5. Na3 Nf6 6. Bc4 {B22: Sicilian: 2 c3} Qd8 7. d4 (7. O-O a6 8. Nc2 Bg4 9. d4 e6 10. h3 Bxf3 11. Qxf3 Rc8 {1-0 (39) Nakamura,H (2776)-Yu,Y (2724) Caleta 2015}) 7... e6 8. O-O cxd4 9. Nb5 {[#] And now Bf4 would win.} a6 10. Nbxd4 Nxd4 11. Qxd4 Qxd4 12. Nxd4 Bd6 $146 13. Bg5 Bd7 14. Rfe1 O-O-O 15. Nf3 h6 {The position is equal.} 16. Be3 Bc6 17. Bb6 Bc7 18. Bxc7 Kxc7 19. Ne5 Be8 20. Rad1 Rxd1 21. Rxd1 Nd7 22. f4 g5 23. Rf1 gxf4 24. Nxd7 Bxd7 25. Rxf4 $11 {KRB-KRB} f5 26. Rh4 Kd6 27. Kf2 e5 28. g3 Ke7 29. Ke3 {Precision: White = 64%, Black = 66%.} 1/2-1/2

[Event "POR-chT 1st League 2017"]
[Site "Leiria"]
[Date "2017.07.21"]
[Round "7"]
[White "Brodowski, Piotr"]
[Black "Damaso, Rui"]
[Result "1/2-1/2"]
[WhiteElo "2442"]
[BlackElo "2434"]
[Annotator "TA"]
[PlyCount "31"]
[EventDate "2017.??.??"]
[EventType "team-tourn"]
[EventCountry "POR"]
[SourceTitle "playchess.com"]
[Source "ChessBase"]
[SourceQuality "1"]

{[%evp 10,31,7,15,20,21,27,16,18,26,16,-9,0,0,8,0,0,-44,-43,-58,-68,-92,-98,-222]} 1. c4 e5 {[%cal Be7e5,Be5e4][%mdl 32]} 2. Nc3 Nf6 3. g3 c6 4. Nf3 e4 5. Nd4 {[%cal Bf3d4,Bd4b3,Bb3d2][%mdl 32]} Qb6 6. Nb3 a5 {[%cal Ba7a5,Ba5a4,Ba4a3][%mdl 32] [#] Strongly threatening ...a4. A23: English Opening: 1...e5 2 Nc3 Nf6 3 g3 c6} 7. d3 (7. Na4 Qd8 8. Bg2 d5 9. cxd5 cxd5 10. d3 Bb4+ 11. Nc3 a4 12. Nd4 Nc6 13. Nc2 Bxc3+ 14. bxc3 {½-½ (90) Piorun,K (2676)-Kravtsiv,M (2634) Lublin 2016}) 7... a4 8. Be3 Qb4 {The position is equal.} 9. Nd2 exd3 10. Rc1 $146 ({Find the theoretical novelty and annotate with similar games:} 10. exd3 a3 11. Rb1 axb2 12. Qc2 Qa5 13. Bg2 Na6 14. O-O {½-½ (63) Deneuville,C (2239)-Leemans,R (2365) ICCF email 2012}) 10... a3 11. b3 Bc5 12. Bxc5 Qxc5 13. Na4 Qa5 ({Reject} 13... Rxa4 $6 14. bxa4 Na6 15. exd3 $14) 14. e3 d5 15. cxd5 O-O 16. Rc5 (16. Bxd3 $17 Qxd5 17. Nf3) 1/2-1/2

[Event "POR-chT 1st League 2017"]
[Site "Leiria"]
[Date "2017.07.21"]
[Round "7"]
[White "Iruzubieta Villaluenga, Jesus M"]
[Black "Polaczek, Richard"]
[Result "1/2-1/2"]
[WhiteElo "2428"]
[BlackElo "2406"]
[Annotator "TA"]
[PlyCount "70"]
[EventDate "2017.??.??"]
[EventType "team-tourn"]
[EventCountry "POR"]
[SourceTitle "playchess.com"]
[Source "ChessBase"]
[SourceQuality "1"]

{[%evp 17,70,39,45,27,55,0,0,0,0,0,0,0,0,0,0,0,0,0,0,0,0,0,-2,-8,13,0,7,6,52,-34,-46,-32,-32,-38,0,-27,-7,-22,-15,-103,-105,-97,-82,-94,-62,-60,-60,-69,0,-26,0,-62,0,-22,0]} 1. e4 e6 2. d4 d5 3. Nc3 Nf6 4. Bg5 dxe4 5. Nxe4 Be7 6. Bxf6 gxf6 7. Nf3 a6 8. Bd3 b5 {C13: French: Classical System: 4 Bg5 Be7, Alekhine-Chatard Attack} (8... f5 9. Ng3 c5 10. dxc5 Nd7 11. b4 b6 12. O-O bxc5 13. b5 h5 14. h4 Nb6 15. Qe2 Qc7 16. Ne5 {1-0 (43) Naiditsch,A (2706)-Bluebaum,M (2471) Deizisau 2013}) 9. Qe2 Bb7 {LiveBook: 11 Games} 10. a4 b4 {White has an edge.} 11. Ned2 $146 (11. O-O-O $14) ({Predecessor:} 11. c4 c6 12. a5 Nd7 13. c5 f5 14. Ng3 Nf6 15. O-O h5 16. Rfe1 {½-½ (83) Tomczak,R (2298)-Stempin,P (2399) Poznan 2004}) 11... c5 $11 12. dxc5 Nd7 13. Be4 Qc7 14. Bxb7 Qxb7 15. Ne4 Nxc5 16. Nxc5 Bxc5 17. O-O O-O 18. Rad1 Rfd8 19. Rxd8+ Rxd8 20. Rd1 Rc8 21. Nd2 Be7 22. Nc4 b3 23. g3 ({Better is} 23. c3 $1 $14) 23... Qb4 $36 {[%mdl 2048] Black has some pressure.} 24. cxb3 Qxb3 25. Rd4 f5 26. Ne3 (26. Nd6 $5 {[%cal Rd6c8]} Qc2 27. Rd2 Qc1+ 28. Rd1 $11) 26... Bf6 27. Rc4 Rd8 28. Rc6 (28. g4 $11 {remains equal.}) 28... Qxa4 $17 29. Rxa6 Qe4 30. Ra7 Bd4 31. Qh5 Rf8 32. Qg5+ Kh8 (32... Bg7 $1 $15) 33. Qe7 {[%cal Re7f8] [#]} (33. Rxf7 $5 Qb1+ 34. Kg2 Rxf7 35. Qd8+ Kg7 36. Qg5+ Kh8 37. Qd8+ Kg7 38. Qg5+ Kh8 $11) 33... Kg8 {Hoping for ...h6.} (33... Rc8 $5 {[%cal Rc8c1]} 34. Rc7 Ra8 $11) 34. Qg5+ Kh8 {White should prevent ...Rg8.} 35. Qe7 {[%cal Re7f8]} Kg8 {Precision: White = 51%, Black = 60%.} (35... Rc8 $5 {[%cal Rc8c1]} 36. Rc7 Ra8 $11) 1/2-1/2

[Event "POR-chT 1st League 2017"]
[Site "Leiria"]
[Date "2017.07.21"]
[Round "7"]
[White "Sousa, Andre Ventura"]
[Black "Espineira Gonzalez, Diego"]
[Result "1/2-1/2"]
[WhiteElo "2368"]
[BlackElo "2364"]
[Annotator "NA"]
[PlyCount "52"]
[EventDate "2017.??.??"]
[EventType "team-tourn"]
[EventCountry "POR"]
[SourceTitle "playchess.com"]
[Source "ChessBase"]
[SourceQuality "1"]
[TimeControl "5400+30"]

1. e4 {[%emt 0:00:00]} c5 {[%emt 0:02:06]} 2. Nf3 {[%emt 0:00:00]} e6 {[%emt 0:00:05]} 3. b3 {[%emt 0:00:31]} a6 {[%emt 0:00:14]} 4. Bb2 {[%emt 0:00:04]} Nc6 {[%emt 0:00:22]} 5. c4 {[%emt 0:00:09]} d5 {[%emt 0:02:34]} 6. exd5 {[%emt 0:00:32]} exd5 {[%emt 0:00:25]} 7. cxd5 {[%emt 0:04:45]} Nb4 {[%emt 0:00:15]} 8. Be2 {[%emt 0:02:06]} Nf6 {[%emt 0:00:34]} 9. O-O {[%emt 0:00:26]} Be7 {[%emt 0:06:35]} 10. d4 {[%emt 0:08:26]} O-O {[%emt 0:02:07]} 11. Nc3 {[%emt 0:00:41]} Nbxd5 {[%emt 0:01:28]} 12. Nxd5 {[%emt 0:07:44]} Nxd5 {[%emt 0:02:47]} 13. dxc5 {[%emt 0:03:49]} Bxc5 {[%emt 0:02:54]} 14. Rc1 {[%emt 0:00:33]} Be7 {[%emt 0:15:27]} 15. Nd4 {[%emt 0:00:18]} Bf6 {[%emt 0:00:18]} 16. Bf3 {[%emt 0:00:24]} Ne7 {[%emt 0:00:06]} 17. Qe2 {[%emt 0:21:00]} Bxd4 {[%emt 0:11:56]} 18. Bxd4 {[%emt 0:00:06]} Qxd4 {[%emt 0:00:05]} 19. Qxe7 {[%emt 0:00:04]} a5 {[%emt 0:10:19]} 20. Rc7 {[%emt 0:09:44]} Be6 {[%emt 0:02:28]} 21. Rxb7 {[%emt 0:00:57]} Qb2 {[%emt 0:00:30]} 22. Rb5 {[%emt 0:05:38]} Rae8 {[%emt 0:00:30]} 23. Qh4 {[%emt 0:02:10]} Qxa2 {[%emt 0:00:34]} 24. Be4 {[%emt 0:02:57]} f5 {[%emt 0:02:59]} 25. Bb1 {[%emt 0:01:56]} Qe2 {[%emt 0:03:37]} 26. Rxa5 {[%emt 0:07:05]} Bxb3 {[%emt 0:00:29]} 1/2-1/2

[Event "POR-chT 1st League 2017"]
[Site "Leiria"]
[Date "2017.07.21"]
[Round "7"]
[White "Lombaers, Peter"]
[Black "Cavaleiro, Daniel Felipe Costa"]
[Result "1-0"]
[WhiteElo "2327"]
[BlackElo "2006"]
[Annotator "NA"]
[PlyCount "83"]
[EventDate "2017.??.??"]
[EventType "team-tourn"]
[EventCountry "POR"]
[SourceTitle "playchess.com"]
[Source "ChessBase"]
[SourceQuality "1"]
[TimeControl "5400+30"]

1. d4 {[%emt 0:00:00]} Nf6 {[%emt 0:00:09]} 2. c4 {[%emt 0:00:00]} e6 {[%emt 0:00:07]} 3. Nc3 {[%emt 0:00:00]} Bb4 {[%emt 0:00:14]} 4. e3 {[%emt 0:00:00]} O-O {[%emt 0:00:28]} 5. Bd3 {[%emt 0:00:00]} c5 {[%emt 0:00:55]} 6. Nf3 {[%emt 0:00:00]} cxd4 {[%emt 0:02:07]} 7. exd4 {[%emt 0:00:06]} d5 {[%emt 0:01:47]} 8. O-O {[%emt 0:00:12]} h6 {[%emt 0:00:32]} 9. a3 {[%emt 0:11:09]} dxc4 {[%emt 0:06:14]} 10. Bxc4 {[%emt 0:00:33]} Be7 {[%emt 0:02:59]} 11. Qd3 {[%emt 0:07:58]} Bd7 {[%emt 0:06:43]} 12. Bb3 {[%emt 0:06:46]} Bc6 {[%emt 0:03:25]} 13. Ne5 {[%emt 0:01:15]} Nbd7 {[%emt 0:14:23]} 14. Nxc6 {[%emt 0:02:15]} bxc6 {[%emt 0:00:04]} 15. Rd1 {[%emt 0:01:26]} Nb6 {[%emt 0:01:32]} 16. Bf4 {[%emt 0:08:19]} Bd6 {[%emt 0:04:43]} 17. Bxd6 {[%emt 0:01:01]} Qxd6 {[%emt 0:00:07]} 18. Rac1 {[%emt 0:02:19]} Rfd8 {[%emt 0:01:47]} 19. Bc2 {[%emt 0:01:44]} Nbd5 {[%emt 0:07:11]} 20. Na4 {[%emt 0:01:14]} Qf4 {[%emt 0:02:46]} 21. h3 {[%emt 0:08:12]} Qg5 {[%emt 0:01:06]} 22. Qf3 {[%emt 0:10:11]} Rab8 {[%emt 0:03:27]} 23. Bb1 {[%emt 0:02:14]} Nf4 {[%emt 0:01:21]} 24. Rc5 {[%emt 0:06:51]} N6d5 {[%emt 0:01:21]} 25. b4 {[%emt 0:06:15]} Rd6 {[%emt 0:01:48]} 26. Kh2 {[%emt 0:07:24]} f5 {[%emt 0:01:53]} 27. g3 {[%emt 0:01:59]} Nh5 {[%emt 0:04:35]} 28. Nb2 {[%emt 0:00:44]} Rf8 {[%emt 0:01:08]} 29. Nc4 {[%emt 0:01:15]} Rdd8 {[%emt 0:03:56]} 30. Ne5 {[%emt 0:00:41]} f4 {[%emt 0:03:01]} 31. g4 {[%emt 0:00:14]} Nhf6 {[%emt 0:00:35]} 32. Rxc6 {[%emt 0:02:05]} h5 {[%emt 0:02:14]} 33. gxh5 {[%emt 0:00:33]} Qxh5 {[%emt 0:05:33]} 34. Qxh5 {[%emt 0:01:54]} Nxh5 {[%emt 0:00:06]} 35. Bg6 {[%emt 0:02:36]} Ne7 {[%emt 0:02:06]} 36. Bxh5 {[%emt 0:00:14]} Nxc6 {[%emt 0:00:01]} 37. Nxc6 {[%emt 0:00:06]} Rd6 {[%emt 0:00:32]} 38. Bf3 {[%emt 0:00:17]} a6 {[%emt 0:01:26]} 39. a4 {[%emt 0:00:09]} Kf7 {[%emt 0:00:20]} 40. b5 {[%emt 0:00:17]} axb5 {[%emt 0:00:29]} 41. axb5 {[%emt 0:00:03]} Rc8 {[%emt 0:00:48]} 42. Rb1 {[%emt 0:00:34]} 1-0

[Event "POR-chT 1st League 2017"]
[Site "Leiria"]
[Date "2017.07.21"]
[Round "7"]
[White "Figuero Toro, Julian Francisco"]
[Black "Trigo Urquijo, Sergio"]
[Result "0-1"]
[WhiteElo "2314"]
[BlackElo "2389"]
[Annotator "NA"]
[PlyCount "210"]
[EventDate "2017.??.??"]
[EventType "team-tourn"]
[EventCountry "POR"]
[SourceTitle "playchess.com"]
[Source "ChessBase"]
[SourceQuality "1"]
[TimeControl "5400+30"]

1. e4 e5 2. Nf3 Nc6 3. Bb5 a6 4. Ba4 Nf6 5. O-O Be7 6. Re1 b5 7. Bb3 d6 8. c3 O-O 9. h3 Nb8 10. d4 Nbd7 11. Nbd2 Bb7 12. Bc2 Re8 13. Nf1 Bf8 14. Ng3 g6 15. Bg5 h6 16. Bd2 c5 17. d5 c4 18. b4 cxb3 19. axb3 Qc7 20. Ra2 Nc5 21. Qe2 Bc8 22. c4 bxc4 23. Qxc4 Qb7 24. Qc3 Ncd7 25. Rea1 Nb8 26. Bd3 Re7 27. Bc4 Rc7 28. Qd3 Bd7 29. Ne1 Be8 30. Qe2 Nfd7 31. Nc2 Nb6 32. Bd3 N6d7 33. Nb4 Nc5 34. Bc4 Qb6 35. Ra3 Rca7 36. Nd3 Nxd3 37. Bxd3 Rb7 38. Be3 Qb4 39. Nf1 Bb5 40. Bxb5 Qxb5 41. Qxb5 Rxb5 42. Nd2 Kg7 43. Nc4 Be7 44. Kf1 h5 45. Ke2 Kf8 46. Kd2 Ke8 47. Kc3 Kd8 48. Ra4 Kc7 49. Na5 Kd7 50. Rc4 Bd8 51. Rca4 Bb6 52. Bxb6 Rxb6 53. Nc4 Rb5 54. b4 Ra7 55. Ra5 Rab7 56. R1a4 Rc7 57. Ra1 Ke7 58. R5a4 h4 59. Kd3 Rcb7 60. Na5 Rc7 61. R1a3 f5 62. f3 fxe4+ 63. fxe4 Rc1 64. Rc3 Rg1 65. Rc2 Rd1+ 66. Ke3 Rb1 67. Rc4 Kd7 68. Kf3 Rf1+ 69. Kg4 Rf2 70. g3 hxg3 71. Kxg3 Rb2 72. Kh4 Ke7 73. Kg3 Kd7 74. Kh4 Ke7 75. Nc6+ Kf6 76. Kg4 Rg2+ 77. Kf3 Rb2 78. h4 Kg7 79. Rc3 Rh2 80. Kg3 Re2 81. Rc4 Rb2 82. Nd8 Kh6 83. Ne6 Rb3+ 84. Kg2 Kh5 85. Nf8 Rb7 86. Rc8 R7xb4 87. Rxb4 Rxb4 88. Rd8 Rb6 89. Kg3 Rb3+ 90. Kg2 Rb6 91. Kg3 a5 92. Ne6 Rb3+ 93. Kf2 a4 94. Rh8+ Kg4 95. Rh6 a3 96. Rxg6+ Kxh4 97. Rg1 a2 98. Ra1 Ra3 99. Ke2 Nd7 100. Ng7 Nc5 101. Nf5+ Kg4 102. Nxd6 Nb3 103. Nc4 Nxa1 104. Nxa3 Nb3 105. Nc2 Nd4+ 0-1